Cuartoscuro : Revista de Fotógrafos : año 22, número 134, octubre-noviembre de 2015 /

Cuartoscuro: Revista de Fotógrafos, es una publicación periódica mexicana dirigida desde su fundación, en 1993, por el fotoperiodista Pedro Valtierra; su periodicidad fue bimestral desde sus inicios hasta diciembre de 2022, a partir de 2023 ha sido trimestral. Como su nombre lo refiere, es una publi...

Whakaahuatanga katoa

I tiakina i:
Ngā taipitopito rārangi puna kōrero
Ētahi atu kaituhi: Valtierra, Pedro (dirección) (dirección)
Hōputu: Pukapuka
Reo:Pāniora
I whakaputaina: México : Cuartoscuro, 2015, c2015
Ngā marau:
Ngā Tūtohu: Tāpirihia he Tūtohu
Kāore He Tūtohu, Me noho koe te mea tuatahi ki te tūtohu i tēnei pūkete!

MARC

LEADER 00000nam^a2200000^a^4500
001 000562904
005 20250526000000.0
009 20260310131954.174
022 |a 1405-7913 
037 |a Acervo ITESO - Biblioteca 
041 |a GRA 
041 |a ESP 
082 |a 770. 5  |b CUA V. 134 
240 1 1 |a [Cuartoscuro: Revista de Fotógrafos] 
245 0 0 |a Cuartoscuro :  |b Revista de Fotógrafos : año 22, número 134, octubre-noviembre de 2015 /  |c Dir. de P. Valtierra. 
264 4 |a México :  |b Cuartoscuro,  |c 2015, c2015 
300 |a 88 p. ;  |c 27.0 cm. 
336 |a texto  |b txt  |2 rdacontenido 
337 |a sin mediación  |b n  |2 rdamedio 
338 |a volumen  |b nc  |2 rdasoporte 
520 |a Cuartoscuro: Revista de Fotógrafos, es una publicación periódica mexicana dirigida desde su fundación, en 1993, por el fotoperiodista Pedro Valtierra; su periodicidad fue bimestral desde sus inicios hasta diciembre de 2022, a partir de 2023 ha sido trimestral. Como su nombre lo refiere, es una publicación especializada en fotografía, que expone, difunde y promueve el trabajo de creadores reconocidos, tanto de México como de otras partes del mundo. En cada número presenta una muestra fotográfica de diversos autores, acompañada de una breve nota que contextualiza su obra; también contiene una sección en la que ofrece información sobre exposiciones, homenajes, convocatorias y otros temas fotográficos. 
546 |a Edición gráfica con texto en español 
649 |a XX 
650 |a Fotógrafos Italianos 
650 |a Fotógrafos Mexicanos 
650 |a Artistas Italianos 
650 |a Artistas Mexicanos 
650 |a Mujeres en la Fotografía 
650 |a Periodistas Mexicanos 
650 |a Violencia en la Fotografía -  |z México 
650 |a Mítines y Marchas -  |z México -  |x Fotografías 
650 |a Prácticas Culturales -  |z México -  |x Fotografías 
650 |a Vida Cotidiana -  |z México -  |x Fotografías 
650 |a Vida Cotidiana -  |z Cuba -  |x Fotografías 
650 |a Fotoperiodismo -  |z México 
650 |a Marginados Sociales -  |z Hanoi, Vietnam -  |x Fotografías 
650 |a Retrato (Fotografía) 
650 |a Fotografía Cinematográfica 
650 |a Fotografía en Blanco y Negro 
650 |a Fotografía en Color 
650 |a Fotografía -  |y Siglo XX 
650 |a Fotografía -  |y Siglo XXI 
650 |a Fotografía -  |x Historia y Crítica 
650 |a Fotografía -  |x Publicaciones Periódicas Mexicanas -  |x Tema Principal 
650 |a Publicaciones Periódicas Mexicanas 
650 |a Hanoi, Vietnam -  |x Fotografías 
650 |a Hanoi, Vietnam -  |x Descripción 
650 |a Cuba -  |x Fotografías 
650 |a Cuba -  |x Descripción 
650 |a México -  |x Fotografías 
650 |a México -  |x Descripción 
650 |a Carretero, Jorge 
650 |a Espinosa Becerril, Rubén -  |x Tema Principal 
650 |a Gasparini, Paolo 
650 |a Lynn, Gale -  |x Tema Principal 
650 |a Martínez Solares, Raúl 
650 |a Núñez Solorio, Paola -  |x Tema Principal 
700 |a Valtierra, Pedro  |e (dirección) 
910 |a Fondo Pedro Valtierra 
920 |a Impresos - Libros 
930 |a Libros Antiguos y Raros 
905 |a 129 
901 |a 0500370243  |b IT2  |c LRA  |i D  |u 20250526 
902 |a https://opac.biblio.iteso.mx/vufind/Record/000562904